[Event "ESP-ch Seniora 50"]
[Site "Altea"]
[Date "2022.11.06"]
[Round "9"]
[White "Campos Gambuti, Luis Maria"]
[Black "Iruzubieta Villaluenga, Jesus Maria"]
[Result "1-0"]
[WhiteElo "2302"]
[BlackElo "2432"]
[PlyCount "114"]
[EventDate "2022.10.29"]
[EventType "swiss"]
[EventRounds "9"]
[EventCountry "ESP"]
[SourceTitle "EXT 2024"]
[Source "ChessBase"]
[SourceDate "2023.10.10"]
[SourceVersion "1"]
[SourceVersionDate "2023.10.10"]
[SourceQuality "1"]
[WhiteTeam "Spain"]
[BlackTeam "Spain"]
[WhiteTeamCountry "ESP"]
[BlackTeamCountry "ESP"]

1. e4 c5 2. Nf3 Nc6 3. Bb5 d6 4. d4 cxd4 5. Qxd4 Bd7 6. Bxc6 Bxc6 7. Nc3 Nf6 8. Bg5 e6 9. 0-0-0 Be7 10. Rhe1 Qa5 11. Kb1 h6 12. Bh4 g5 13. Bg3 e5 14. Qd3 b5 15. Nd5 Rd8 16. h4 g4 17. Nxf6+ Bxf6 18. Nd2 Be7 19. Nf1 Qa4 20. b3 Qb4 21. c3 Qc5 22. Ne3 Bd7 23. Kb2 Be6 24. Nd5 Rc8 25. Re3 Rf8 26. Qd2 Bxd5 27. Qxd5 Qxd5 28. Rxd5 Rb8 29. b4 f5 30. exf5 Rxf5 31. Re4 h5 32. c4 bxc4 33. Kc3 Rb7 34. Rxc4 Kd7 35. Kd3 Ke6 36. Ke4 Rf8 37. b5 Bxh4 38. Rc6 Bxg3 39. Rcxd6+ Ke7 40. fxg3 Rc7 41. Ra6 Rf2 42. Rxe5+ Kd7 43. Rxh5 Kc8 44. Rh8+ Kb7 45. Rg8 Re2+ 46. Kd3 Re5 47. a4 Rd7+ 48. Kc4 Re4+ 49. Kc5 Rc7+ 50. Kd5 Rb4 51. Rgg6 Rd7+ 52. Ke5 Rc7 53. Kf6 Rd4 54. Kg5 Rb4 55. Kh6 Rd4 56. a5 Rcd7 57. Raf6 R4d5 1-0

[Event "ESP-ch Seniora 50"]
[Site "Altea"]
[Date "2022.10.30"]
[Round "2"]
[White "Campos Gambuti, Luis Maria"]
[Black "Herrera Mellado, Luis A"]
[Result "1-0"]
[WhiteElo "2302"]
[BlackElo "1999"]
[PlyCount "57"]
[EventDate "2022.10.29"]
[EventType "swiss"]
[EventRounds "9"]
[EventCountry "ESP"]
[SourceTitle "EXT 2024"]
[Source "ChessBase"]
[SourceDate "2023.10.10"]
[SourceVersion "1"]
[SourceVersionDate "2023.10.10"]
[SourceQuality "1"]
[WhiteTeam "Spain"]
[BlackTeam "Spain"]
[WhiteTeamCountry "ESP"]
[BlackTeamCountry "ESP"]

1. d4 Nf6 2. Nf3 g6 3. g3 Bg7 4. Bg2 0-0 5. 0-0 d6 6. a4 a5 7. c3 c6 8. Nbd2 Qc7 9. e4 e5 10. Re1 Bg4 11. h3 Bxf3 12. Qxf3 Nfd7 13. dxe5 dxe5 14. b3 Na6 15. Bf1 Rfe8 16. Bc4 Nf8 17. Nf1 Ne6 18. Ne3 Nac5 19. Ng4 Qe7 20. h4 Rf8 21. Ba3 Kh8 22. Qe3 h5 23. Bxe6 Qxe6 24. Bxc5 Qxg4 25. Bxf8 Rxf8 26. Rad1 f5 27. Qe2 f4 28. Qxg4 hxg4 29. Rd3 1-0

[Event "Alicante Easter op 6th"]
[Site "Alicante"]
[Date "2022.04.14"]
[Round "3"]
[White "Campos Gambuti, Luis Maria"]
[Black "Moussard, Jules"]
[Result "0-1"]
[WhiteElo "2305"]
[BlackElo "2630"]
[PlyCount "74"]
[EventDate "2022.04.13"]
[EventType "swiss"]
[EventRounds "9"]
[EventCountry "ESP"]
[SourceTitle "CBM 207 Extra"]
[Source "ChessBase"]
[SourceDate "2022.05.31"]
[SourceVersion "1"]
[SourceVersionDate "2022.05.31"]
[SourceQuality "1"]

1. d4 Nf6 2. Nf3 e6 3. e3 b6 4. Bd3 Bb7 5. 0-0 d5 6. c4 Bd6 7. Nc3 Nbd7 8. b3 0-0 9. Bb2 c5 10. cxd5 exd5 11. Qe2 a6 12. Rfd1 Qe7 13. Bf5 Rfd8 14. Rac1 cxd4 15. Nxd4 Ne5 16. Bh3 g6 17. f3 Re8 18. Qf2 Ned7 19. Re1 Nc5 20. Rcd1 b5 21. Qh4 Nfd7 22. Qxe7 Rxe7 23. Nxd5 Bxd5 24. Nc2 Be5 25. Bxe5 Rxe5 26. f4 Rh5 27. Bxd7 Nxd7 28. g4 Rh4 29. Rxd5 Nf6 30. Rd4 Nxg4 31. Re2 Rc8 32. a4 Rxh2 33. Rdd2 Rxe2 34. Rxe2 bxa4 35. bxa4 Rc4 36. a5 Rc5 37. Kg2 Rxc2 0-1

[Event "ESP-ch Seniors 50"]
[Site "Altea"]
[Date "2021.11.02"]
[Round "4"]
[White "Ibarretxe Campo, Lander"]
[Black "Campos Gambuti, Luis Maria"]
[Result "0-1"]
[WhiteElo "2018"]
[BlackElo "2307"]
[PlyCount "112"]
[EventDate "2021.10.31"]
[EventType "swiss"]
[EventRounds "9"]
[EventCountry "ESP"]
[SourceTitle "CBM 205 Extra"]
[Source "ChessBase"]
[SourceDate "2022.01.31"]
[SourceVersion "1"]
[SourceVersionDate "2022.01.31"]
[SourceQuality "1"]

1. d4 g6 2. Nf3 Bg7 3. c4 c5 4. e3 Nf6 5. Nc3 0-0 6. Be2 cxd4 7. exd4 d5 8. 0-0 Nc6 9. h3 dxc4 10. Bxc4 Na5 11. Bd3 Be6 12. Qe2 Rc8 13. Bg5 Bc4 14. Rac1 Bxd3 15. Qxd3 Nc4 16. b3 Nb6 17. Rfd1 h6 18. Bf4 Nbd5 19. Be5 Qd7 20. Ne2 Nb4 21. Qb1 Nc6 22. Ng3 Rfd8 23. Re1 Nb4 24. a3 Nbd5 25. Qd3 Rxc1 26. Rxc1 Rc8 27. Rc4 Nb6 28. Rc2 Qd5 29. Rxc8+ Nxc8 30. Qc4 Nd6 31. Bxd6 exd6 32. Qc8+ Bf8 33. Qc3 b5 34. Nd2 h5 35. Qd3 Qc6 36. Nge4 Nd5 37. Kh2 Bg7 38. Nf3 a6 39. Neg5 Bf6 40. Qe4 a5 41. g4 h4 42. Qd3 a4 43. bxa4 bxa4 44. Ne4 Be7 45. g5 Qc1 46. Nfd2 Nf4 47. Qe3 d5 48. Nf6+ Bxf6 49. gxf6 Ne6 50. Qd3 Qc7+ 51. Kg1 Qf4 52. Nf3 Qxf6 53. Ne5 Qg5+ 54. Kh1 Qc1+ 55. Kh2 Qf4+ 56. Kg2 Qxe5 0-1

[Event "ESP-ch Seniors 50"]
[Site "Altea"]
[Date "2021.10.31"]
[Round "1"]
[White "Campos Gambuti, Luis Maria"]
[Black "Gonzalvez Perales, Jose Luis"]
[Result "1-0"]
[WhiteElo "2307"]
[BlackElo "1916"]
[PlyCount "73"]
[EventDate "2021.10.31"]
[EventType "swiss"]
[EventRounds "9"]
[EventCountry "ESP"]
[SourceTitle "CBM 205 Extra"]
[Source "ChessBase"]
[SourceDate "2022.01.31"]
[SourceVersion "1"]
[SourceVersionDate "2022.01.31"]
[SourceQuality "1"]

1. d4 Nf6 2. Nc3 d5 3. Bg5 g6 4. f3 Bg7 5. e4 c6 6. e5 Ng8 7. Qd2 f6 8. exf6 exf6 9. Bf4 Ne7 10. h4 Be6 11. 0-0-0 Bf7 12. Re1 0-0 13. Bd3 Re8 14. g4 Nd7 15. Nge2 b5 16. Bh6 Bh8 17. h5 a5 18. Nf4 a4 19. Qh2 g5 20. Ne6 Bxe6 21. Rxe6 b4 22. Nd1 c5 23. Rhe1 c4 24. Bf5 a3 25. b3 cxb3 26. cxb3 Nf8 27. Kb1 Bg7 28. Bxg7 Nxe6 29. Bxf6 Nf4 30. Bxg5 Nxf5 31. Bxd8 Rxe1 32. Qxf4 Rxd1+ 33. Kc2 Ra1 34. Qxf5 Rxa2+ 35. Kd3 Rxd8 36. Qg5+ Kf7 37. Qxd8 1-0

[Event "Alicante IM"]
[Site "Alicante"]
[Date "2021.07.05"]
[Round "1"]
[White "Luque Saiz, Andres"]
[Black "Campos Gambuti, Luis Maria"]
[Result "1-0"]
[WhiteElo "2131"]
[BlackElo "2357"]
[PlyCount "53"]
[EventDate "2021.07.05"]
[EventType "tourn"]
[EventRounds "9"]
[EventCountry "ESP"]
[EventCategory "1"]
[SourceTitle "EXT 2022"]
[Source "ChessBase"]
[SourceDate "2021.10.06"]
[SourceVersion "1"]
[SourceVersionDate "2021.10.06"]
[SourceQuality "1"]

1. e4 e6 2. d4 d5 3. Nd2 dxe4 4. Nxe4 Qd5 5. Bd3 Nf6 6. Nxf6+ gxf6 7. Nf3 Nc6 8. 0-0 Bd7 9. c4 Qh5 10. a3 0-0-0 11. b4 Rg8 12. Be2 Qg6 13. g3 Bh6 14. b5 Ne7 15. c5 Kb8 16. Qb3 Nd5 17. c6 Bc8 18. a4 Qh5 19. Bxh6 Qxh6 20. Rfc1 Nf4 21. Bf1 Nh3+ 22. Bxh3 Qxh3 23. a5 Rd6 24. Qc4 Qf5 25. cxb7 Bxb7 26. Qxc7+ Ka8 27. a6 1-0

[Event "ESP-ch rapid"]
[Site "Linares"]
[Date "2019.08.24"]
[Round "1"]
[White "Campos Gambuti, Luis Maria"]
[Black "Alvarez Alonso, Alberto"]
[Result "0-1"]
[WhiteElo "2373"]
[BlackElo "1986"]
[PlyCount "126"]
[EventDate "2019.08.24"]
[EventType "swiss (rapid)"]
[EventRounds "9"]
[EventCountry "ESP"]
[SourceTitle "EXT 2020"]
[Source "ChessBase"]
[SourceDate "2019.10.17"]
[SourceVersion "1"]
[SourceVersionDate "2019.10.17"]
[SourceQuality "1"]

1. d4 d5 2. Nf3 Nf6 3. c4 e6 4. Nc3 Be7 5. Bf4 a6 6. c5 0-0 7. h3 b6 8. b4 a5 9. a3 Ne4 10. Nxe4 dxe4 11. Ne5 f6 12. Nc4 axb4 13. cxb6 cxb6 14. e3 b5 15. Nd2 bxa3 16. Bxb5 Qa5 17. Bc4 Bb4 18. Ra2 Ba6 19. Bxe6+ Kh8 20. f3 Re8 21. Qb3 exf3 22. gxf3 Qb5 23. Kd1 Qe2+ 24. Kc1 Bxd2+ 25. Rxd2 Qxf3 26. Bd5 Rc8+ 27. Kb1 a2+ 28. Kb2 Qxh1 29. Bxh1 Bc4 30. Bxa8 Bxb3 31. Rd1 Bxd1 32. Kxa2 Bh5 33. Bb7 Re8 34. h4 h6 35. Kb2 g5 36. hxg5 hxg5 37. Bd6 g4 38. e4 Nd7 39. Bc6 Rg8 40. Bg3 Be8 41. Kc3 Kg7 42. Kd2 Rh8 43. Ke3 Kf7 44. Kf4 Nf8 45. Bd5+ Ke7 46. Kxg4 Bf7 47. Bc6 Be6+ 48. Kf3 Ng6 49. Bc7 Bd7 50. Bb7 Rh3+ 51. Kf2 Rd3 52. Bb6 Rd1 53. Bc5+ Kf7 54. Ba6 Rb1 55. Bc4+ Kg7 56. Ke3 f5 57. e5 f4+ 58. Kf2 Bg4 59. e6 Rb2+ 60. Ke1 f3 61. e7 Nxe7 62. Bxe7 f2+ 63. Kf1 Bh3# 0-1

[Event "ESP-ch rapid"]
[Site "Linares"]
[Date "2019.08.24"]
[Round "7"]
[White "Campos Gambuti, Luis Maria"]
[Black "Munoz Ortega, Jose Daniel"]
[Result "1-0"]
[WhiteElo "2373"]
[BlackElo "2116"]
[PlyCount "67"]
[EventDate "2019.08.24"]
[EventType "swiss (rapid)"]
[EventRounds "9"]
[EventCountry "ESP"]
[SourceTitle "EXT 2020"]
[Source "ChessBase"]
[SourceDate "2019.10.17"]
[SourceVersion "1"]
[SourceVersionDate "2019.10.17"]
[SourceQuality "1"]

1. d4 d5 2. Nc3 Nf6 3. Bg5 Nbd7 4. Qd3 e6 5. e4 dxe4 6. Nxe4 c6 7. Nf3 Be7 8. Nxf6+ Bxf6 9. Bxf6 Qxf6 10. 0-0-0 Nb6 11. Qe4 Bd7 12. g3 Qf5 13. Qe3 Nd5 14. Qa3 a5 15. Bg2 Nb4 16. Rd2 0-0 17. Ne5 Rfd8 18. Re1 Be8 19. c3 Nd5 20. Be4 Qf6 21. f4 a4 22. c4 Nb6 23. Ng4 Qxd4 24. Rxd4 Rxd4 25. Nf2 Rxc4+ 26. Kb1 Nd5 27. Bxh7+ Kh8 28. Be4 Nf6 29. Qf8+ Ng8 30. g4 f5 31. Re3 Kh7 32. Rh3+ Nh6 33. gxf5 Ra5 34. f6+ 1-0

[Event "ESP-ch rapid"]
[Site "Linares"]
[Date "2019.08.24"]
[Round "3"]
[White "Campos Gambuti, Luis Maria"]
[Black "Piernagorda Copado, Jose"]
[Result "1-0"]
[WhiteElo "2373"]
[BlackElo "1977"]
[PlyCount "77"]
[EventDate "2019.08.24"]
[EventType "swiss (rapid)"]
[EventRounds "9"]
[EventCountry "ESP"]
[SourceTitle "EXT 2020"]
[Source "ChessBase"]
[SourceDate "2019.10.17"]
[SourceVersion "1"]
[SourceVersionDate "2019.10.17"]
[SourceQuality "1"]

1. d4 Nf6 2. Nc3 d5 3. Bg5 Nbd7 4. Qd3 e6 5. e4 dxe4 6. Nxe4 Be7 7. Nxf6+ Nxf6 8. Nf3 0-0 9. 0-0-0 c6 10. Ne5 Nd5 11. Bd2 Nb4 12. Bxb4 Bxb4 13. Qh3 c5 14. c3 cxd4 15. Rxd4 Qc7 16. Rxb4 Qxe5 17. Bd3 f5 18. f4 Qf6 19. Re1 a5 20. Rb6 a4 21. a3 Re8 22. Qe3 Ra5 23. Bb5 Re7 24. g3 Kf7 25. Rd1 Rc7 26. Rdd6 h6 27. Kb1 g5 28. Qd3 gxf4 29. gxf4 Qh4 30. Qd2 Qg4 31. c4 Ra8 32. Rd8 Qg1+ 33. Qd1 Qxb6 34. Qh5+ Kg7 35. Qe8 Rf7 36. c5 Qc7 37. Qh8+ Kg6 38. Rg8+ Kh5 39. Be2+ 1-0

[Event "ESP-ch rapid"]
[Site "Linares"]
[Date "2018.08.19"]
[Round "5"]
[White "Campos Gambuti, Luis Maria"]
[Black "Garcia Cuenca, Victor Manuel"]
[Result "1/2-1/2"]
[WhiteElo "2382"]
[BlackElo "2351"]
[PlyCount "112"]
[EventDate "2018.08.19"]
[EventType "swiss (rapid)"]
[EventRounds "9"]
[EventCountry "ESP"]
[SourceTitle "CBM 186 Extra"]
[Source "ChessBase"]
[SourceDate "2018.08.24"]
[SourceVersion "1"]
[SourceVersionDate "2018.08.24"]
[SourceQuality "1"]

1. d4 Nf6 2. Nf3 c5 3. c3 e6 4. Bf4 b6 5. e3 Bb7 6. Nbd2 Be7 7. h3 0-0 8. Bd3 d5 9. Ne5 Nc6 10. Qb1 h6 11. 0-0 Nxe5 12. Bxe5 a5 13. a4 Ba6 14. Bxa6 Rxa6 15. Qd3 Ra7 16. Qb5 Ne8 17. Rfd1 Bd6 18. c4 Bxe5 19. dxe5 Qb8 20. cxd5 exd5 21. Nf3 Nc7 22. Qc6 Rd8 23. Ra3 Qb7 24. Qxb7 Rxb7 25. Rc3 Na6 26. Nd2 Rbd7 27. Nf3 Kf8 28. g4 Ke7 29. Rcd3 Ke6 30. R3d2 Nb4 31. Nh4 Kxe5 32. f4+ Kf6 33. e4 g6 34. e5+ Kg7 35. Nf3 d4 36. Kf2 Nd5 37. Kg3 Ne3 38. Rc1 c4 39. Kf2 Kf8 40. Rxd4 Nxg4+ 41. hxg4 Rxd4 42. Nxd4 Rxd4 43. Ke3 Rd3+ 44. Ke4 Rb3 45. Rxc4 Rxb2 46. Rc8+ Ke7 47. Rc7+ Ke8 48. f5 Rb4+ 49. Kd5 Rxg4 50. f6 Rg1 51. Re7+ Kf8 52. Rb7 Rd1+ 53. Kc6 Rc1+ 54. Kd7 Rd1+ 55. Kc6 Rc1+ 56. Kd7 Rd1+ 1/2-1/2

[Event "ESP-ch rapid"]
[Site "Linares"]
[Date "2018.08.19"]
[Round "8"]
[White "Jimenez Martinez, Jose Vicente"]
[Black "Campos Gambuti, Luis Maria"]
[Result "1-0"]
[WhiteElo "2243"]
[BlackElo "2382"]
[PlyCount "57"]
[EventDate "2018.08.19"]
[EventType "swiss (rapid)"]
[EventRounds "9"]
[EventCountry "ESP"]
[SourceTitle "CBM 186 Extra"]
[Source "ChessBase"]
[SourceDate "2018.08.24"]
[SourceVersion "1"]
[SourceVersionDate "2018.08.24"]
[SourceQuality "1"]

1. d4 d5 2. c4 dxc4 3. e3 c5 4. Bxc4 cxd4 5. Nf3 Qc7 6. Qb3 e6 7. exd4 Nc6 8. 0-0 Na5 9. Bb5+ Bd7 10. Qa4 Nc6 11. Nc3 Nf6 12. Bg5 Be7 13. d5 Nxd5 14. Nxd5 exd5 15. Rfe1 f6 16. Bf4 Qc8 17. Bd6 Kd8 18. Qa3 Bxd6 19. Qxd6 Qc7 20. Qxd5 Kc8 21. Rac1 a6 22. Bxc6 Bxc6 23. Qc4 Rd8 24. Nd4 Qf4 25. Qe6+ Kb8 26. Nxc6+ bxc6 27. Qxc6 Qd6 28. Qa4 Ra7 29. Rcd1 1-0

[Event "Valencia-ch"]
[Site "Valencia"]
[Date "2018.04.07"]
[Round "1"]
[White "Campos Gambuti, Luis Maria"]
[Black "Pallardo Lozoya, Jose Vicente"]
[Result "0-1"]
[WhiteElo "2411"]
[BlackElo "2397"]
[PlyCount "56"]
[EventDate "2018.04.07"]
[EventType "tourn"]
[EventRounds "7"]
[EventCountry "ESP"]
[EventCategory "4"]
[SourceTitle "CBM 184 Extra"]
[Source "ChessBase"]
[SourceDate "2018.06.28"]
[SourceVersion "1"]
[SourceVersionDate "2018.06.28"]
[SourceQuality "1"]

1. d4 d5 2. Nf3 Nf6 3. c4 dxc4 4. Nc3 a6 5. e3 e6 6. Bxc4 c5 7. 0-0 Nc6 8. a3 b5 9. Bd3 Bb7 10. dxc5 Bxc5 11. b4 Bd6 12. Bb2 Ne5 13. Nxe5 Bxe5 14. f4 Bc7 15. Qe2 0-0 16. Rad1 Qe7 17. e4 Bb6+ 18. Kh1 h5 19. h3 Ng4 20. Rf3 Qh4 21. Rdf1 Rfd8 22. Nd1 Bd4 23. Bxd4 Rxd4 24. Kg1 Rad8 25. Qc2 R8d7 26. hxg4 hxg4 27. g3 Qd8 28. Re3 Rxd3 0-1

[Event "Valencia-ch"]
[Site "Puerto de Sagunto"]
[Date "2017.05.01"]
[Round "7.4"]
[White "Cruz Lledo, Pablo"]
[Black "Campos Gambuti, Luis Maria"]
[Result "1/2-1/2"]
[WhiteElo "2433"]
[BlackElo "2413"]
[PlyCount "27"]
[EventDate "2017.04.22"]
[EventType "tourn"]
[EventRounds "7"]
[EventCountry "ESP"]
[SourceTitle "EXT 2024"]
[Source "ChessBase"]
[SourceDate "2023.10.10"]
[SourceVersion "1"]
[SourceVersionDate "2023.10.10"]
[SourceQuality "1"]

1. d4 g6 2. Nf3 Bg7 3. e3 Nf6 4. Be2 c5 5. dxc5 Qa5+ 6. Nbd2 Qxc5 7. a3 Qc7 8. 0-0 0-0 9. c4 b6 10. Qc2 Bb7 11. b4 a5 12. Bb2 Nc6 13. Bc3 d5 14. Qb2 1/2-1/2

[Event "Valencia-ch"]
[Site "Puerto de Sagunto"]
[Date "2017.04.30"]
[Round "5.3"]
[White "Cano Gimenez, Vicente"]
[Black "Campos Gambuti, Luis Maria"]
[Result "1/2-1/2"]
[WhiteElo "2263"]
[BlackElo "2413"]
[PlyCount "24"]
[EventDate "2017.04.22"]
[EventType "tourn"]
[EventRounds "7"]
[EventCountry "ESP"]
[SourceTitle "EXT 2024"]
[Source "ChessBase"]
[SourceDate "2023.10.10"]
[SourceVersion "1"]
[SourceVersionDate "2023.10.10"]
[SourceQuality "1"]

1. Nf3 c5 2. g3 Nf6 3. Bg2 Nc6 4. 0-0 d5 5. d4 cxd4 6. Nxd4 Bd7 7. c4 e5 8. Nxc6 Bxc6 9. cxd5 Nxd5 10. Qb3 Nb6 11. Bxc6+ bxc6 12. Rd1 Qc8 1/2-1/2

[Event "Valencia-ch"]
[Site "Puerto de Sagunto"]
[Date "2017.04.22"]
[Round "2"]
[White "Campos Gambuti, Luis Maria"]
[Black "Granero Roca, Antonio"]
[Result "1/2-1/2"]
[WhiteElo "2413"]
[BlackElo "2419"]
[PlyCount "34"]
[EventDate "2017.04.22"]
[EventType "tourn"]
[EventRounds "7"]
[EventCountry "ESP"]
[SourceTitle "EXT 2024"]
[Source "ChessBase"]
[SourceDate "2023.10.10"]
[SourceVersion "1"]
[SourceVersionDate "2023.10.10"]
[SourceQuality "1"]

1. e4 e5 2. Nf3 Nf6 3. Nxe5 d6 4. Nf3 Nxe4 5. Nc3 Nxc3 6. dxc3 Be7 7. Bf4 0-0 8. Qd2 Nd7 9. 0-0-0 Nc5 10. Nd4 Ne6 11. Be3 Nxd4 12. cxd4 Bf5 13. Bd3 Qd7 14. f3 Rfe8 15. Rhe1 Bf6 16. g4 Bxd3 17. Qxd3 d5 1/2-1/2

[Event "Buenos Aires Yael Torre Blanca-B"]
[Site "Buenos Aires"]
[Date "2016.07.25"]
[Round "6"]
[White "Santiago, Yago de Moura"]
[Black "Campos Gambuti, Luis Maria"]
[Result "1-0"]
[WhiteElo "2440"]
[BlackElo "2413"]
[PlyCount "29"]
[EventDate "2016.07.21"]
[EventType "tourn"]
[EventRounds "9"]
[EventCountry "ARG"]
[SourceTitle "EXT 2024"]
[Source "ChessBase"]
[SourceDate "2023.10.10"]
[SourceVersion "1"]
[SourceVersionDate "2023.10.10"]
[SourceQuality "1"]

1. d4 d5 2. c4 dxc4 3. e4 Nf6 4. e5 Nd5 5. Bxc4 Nb6 6. Bd3 Nc6 7. Ne2 Nb4 8. Be4 N4d5 9. Nbc3 Be6 10. 0-0 Qd7 11. Nf4 Nxf4 12. Bxf4 Bc4 13. Bxb7 Rd8 14. Qf3 Na4 15. b3 1-0

[Event "Buenos Aires Yael Torre Blanca-B"]
[Site "Buenos Aires"]
[Date "2016.07.24"]
[Round "5"]
[White "Campos Gambuti, Luis Maria"]
[Black "Spector, Sebastian"]
[Result "1-0"]
[WhiteElo "2413"]
[BlackElo "2098"]
[PlyCount "64"]
[EventDate "2016.07.21"]
[EventType "tourn"]
[EventRounds "9"]
[EventCountry "ARG"]
[SourceTitle "EXT 2024"]
[Source "ChessBase"]
[SourceDate "2023.10.10"]
[SourceVersion "1"]
[SourceVersionDate "2023.10.10"]
[SourceQuality "1"]

1. d4 Nf6 2. Nc3 d5 3. Bg5 c6 4. Qd3 g6 5. f3 Bg7 6. e4 0-0 7. Qd2 dxe4 8. fxe4 e5 9. d5 Qd6 10. 0-0-0 cxd5 11. Nxd5 Nxd5 12. Bc4 Qc7 13. Bxd5 Nc6 14. Nf3 Bg4 15. h3 Bxf3 16. gxf3 Rac8 17. c3 b5 18. Kb1 Na5 19. h4 h5 20. Qg2 Kh7 21. Rhg1 Nc4 22. Qe2 a5 23. Bc1 b4 24. cxb4 axb4 25. Bg5 Nb6 26. Bb3 Rfe8 27. Qb5 Bf8 28. Rc1 Qb7 29. Be3 Rxc1+ 30. Rxc1 Rb8 31. Qxe5 Nd7 32. Qf4 Bg7 1-0

[Event "Lorca op 4th"]
[Site "Lorca"]
[Date "2015.12.30"]
[Round "9"]
[White "Merario Alarcon, Andres"]
[Black "Campos Gambuti, Luis Maria"]
[Result "1/2-1/2"]
[WhiteElo "2257"]
[BlackElo "2431"]
[PlyCount "34"]
[EventDate "2015.12.26"]
[EventType "swiss"]
[EventRounds "9"]
[EventCountry "ESP"]
[SourceTitle "CBM 170 Extra"]
[Source "ChessBase"]
[SourceDate "2016.02.25"]
[SourceVersion "1"]
[SourceVersionDate "2016.02.25"]
[SourceQuality "1"]

1. e4 e6 2. d4 d5 3. e5 c5 4. c3 Nc6 5. Nf3 Bd7 6. Be2 Qb6 7. a3 f6 8. 0-0 fxe5 9. Nxe5 Nxe5 10. dxe5 c4 11. Nd2 Nh6 12. Rb1 Nf7 13. b3 cxb3 14. Rxb3 Qc7 15. c4 Nxe5 16. cxd5 0-0-0 17. Bb2 exd5 1/2-1/2

[Event "Lorca op 4th"]
[Site "Lorca"]
[Date "2015.12.26"]
[Round "1"]
[White "Hostalet Ferrer, Pedro Enrique"]
[Black "Campos Gambuti, Luis Maria"]
[Result "0-1"]
[WhiteElo "1944"]
[BlackElo "2431"]
[PlyCount "146"]
[EventDate "2015.12.26"]
[EventType "swiss"]
[EventRounds "9"]
[EventCountry "ESP"]
[SourceTitle "CBM 170 Extra"]
[Source "ChessBase"]
[SourceDate "2016.02.25"]
[SourceVersion "1"]
[SourceVersionDate "2016.02.25"]
[SourceQuality "1"]

1. d4 g6 2. c4 Bg7 3. Nc3 c5 4. Nf3 cxd4 5. Nxd4 Nc6 6. e3 d6 7. Be2 Nh6 8. 0-0 0-0 9. b3 Nxd4 10. exd4 Nf5 11. Be3 Qa5 12. Qd2 e5 13. dxe5 dxe5 14. Nd5 Qxd2 15. Bxd2 Nd4 16. Rae1 f5 17. Bd3 e4 18. Bb1 Bd7 19. f3 exf3 20. gxf3 Rae8 21. Kg2 Kf7 22. Bb4 Rxe1 23. Rxe1 Re8 24. Rxe8 Bxe8 25. Bc3 Bc6 26. Bxd4 Bxd4 27. Nb4 Bd7 28. Nd3 Kf6 29. f4 Bc6+ 30. Kg3 Be4 31. h4 Be3 32. Bc2 Bd2 33. a3 a5 34. b4 b6 35. bxa5 bxa5 36. a4 Ke7 37. c5 Be3 38. Ne1 Bxc2 39. Nxc2 Bxc5 40. Ne1 Ke6 41. Nd3 Bd6 42. Ne1 Kd5 43. Nf3 h6 44. Nd2 g5 45. hxg5 hxg5 46. Kf3 Bxf4 47. Nb3 Bc7 48. Ke3 Kc4 49. Nd2+ Kb4 50. Nf3 g4 51. Ne1 Kxa4 52. Nd3 Bd6 53. Kd4 Kb3 54. Kd5 g3 55. Kxd6 g2 56. Nc1+ Kc2 57. Ne2 a4 58. Kc5 a3 59. Ng1 a2 60. Kd5 a1Q 61. Nh3 g1Q 62. Nxg1 Qxg1 63. Ke5 Qg4 64. Kd5 f4 65. Ke4 Qg3 66. Kd4 Qe3+ 67. Kc4 f3 68. Kd5 f2 69. Kd6 f1Q 70. Kd7 Qf7+ 71. Kd6 Qee6+ 72. Kc5 Qc4+ 73. Kd6 Qfc7# 0-1

[Event "Provincial-ch Xixona"]
[Site "Xixona"]
[Date "2014.10.25"]
[Round "4.4"]
[White "Campos Gambuti, Luis Maria"]
[Black "Varga, Mariano"]
[Result "1-0"]
[WhiteElo "2456"]
[BlackElo "2083"]
[PlyCount "87"]
[EventDate "2014.09.27"]
[EventType "swiss"]
[EventRounds "7"]
[EventCountry "ESP"]
[SourceTitle "EXT 2024"]
[Source "ChessBase"]
[SourceDate "2023.10.10"]
[SourceVersion "1"]
[SourceVersionDate "2023.10.10"]
[SourceQuality "1"]

1. b4 b6 2. Bb2 Bb7 3. e3 e6 4. c4 Nf6 5. a3 c5 6. b5 Be7 7. Nf3 0-0 8. Be2 d6 9. 0-0 Nbd7 10. Qc2 Qc7 11. d3 Rfe8 12. Nbd2 Rac8 13. a4 d5 14. Bc3 e5 15. e4 d4 16. Bb2 a5 17. g3 Bd6 18. Nh4 g6 19. Ng2 g5 20. Nf3 h6 21. h4 g4 22. Nh2 h5 23. f3 gxf3 24. Rxf3 Re6 25. Raf1 Kg7 26. Qd2 Rg8 27. Bc1 Kf8 28. Qh6+ Ke7 29. Bg5 Rg6 30. Qh8 Qb8 31. Qxb8 Bxb8 32. Rf5 Kf8 33. g4 hxg4 34. Nxg4 Nh5 35. Rxf7+ Ke8 36. Rh7 Nf4 37. Nxf4 exf4 38. Nh6 Bc8 39. Bh5 Ne5 40. Rxf4 Bd6 41. Nf7 Nxf7 42. Rfxf7 Be5 43. Bxg6 Rxg6 44. Re7+ 1-0

[Event "Cadiz la Sal op 25th"]
[Site "San Fernando"]
[Date "2012.07.16"]
[Round "5"]
[White "Campos Gambuti, Luis Maria"]
[Black "Herrera Mellado, Luis A"]
[Result "1-0"]
[WhiteElo "2465"]
[BlackElo "2031"]
[PlyCount "91"]
[EventDate "2012.07.14"]
[EventType "swiss"]
[EventRounds "7"]
[EventCountry "ESP"]
[SourceTitle "EXT 2024"]
[Source "ChessBase"]
[SourceDate "2023.10.10"]
[SourceVersion "1"]
[SourceVersionDate "2023.10.10"]
[SourceQuality "1"]

1. d4 f5 2. c4 Nf6 3. Nc3 g6 4. g3 Bg7 5. Bg2 0-0 6. Nh3 d6 7. d5 Na6 8. Nf4 Nc5 9. Nb5 a5 10. Nd4 Re8 11. b3 e5 12. dxe6 c6 13. Bb2 Nxe6 14. Ndxe6 Bxe6 15. Nxe6 Rxe6 16. 0-0 Qe7 17. e3 Ng4 18. Bxg7 Qxg7 19. Qc2 Nf6 20. Rad1 Qc7 21. Rd4 Rd8 22. Rfd1 Rd7 23. h3 Rde7 24. Qd2 Rd7 25. Bf3 Ne4 26. Qc2 Nf6 27. g4 fxg4 28. hxg4 Rf7 29. Qd2 Ne8 30. Bg2 Rfe7 31. g5 Rf7 32. Bh3 Ree7 33. a3 Qb6 34. Qc3 Qc5 35. f4 Qxa3 36. Ra1 Qb4 37. Qxb4 axb4 38. Kf2 Kg7 39. Rh1 Rf8 40. Rc1 c5 41. Rd2 Rc7 42. Ra1 Kf7 43. e4 Ke7 44. f5 Kd7 45. Ra8 Rc8 46. f6+ 1-0